000 00782cab a2200229 4500
001 WB2642-03
008 090401t1990 xxu||||| |||| 00| 0 eng d
035 _a(Sirsi) u2769
041 _aeng
245 _aNew standards will change steel construction
260 _c1990
350 _a0
490 _aBuilding
_vDesign no 1008 22/10/90 p9
520 _aBSC , BRE and the Steel Construction Institute are working on design guidelines showing that the amount of fire insulation in steel-framed buildings can be reduced following publication of BS 5970 . See also BRE Digest 317 .
650 _aBUILDING REGULATIONS
_96224
650 _aEC3
650 _aEUROPEAN STANDARDS
650 _aFIRE PRECAUTIONS
690 _aBUILT ENVIRONMENT
942 _n0
948 _c04/03/1997
999 _c1666
_d1666